Movies Quiz

Random Movies or Numbers Quiz

Star Wars by Number of Lines Quiz Stats

 Plays Quiz Updated Sep 6, 2018

Score 0/17 Timer 03:00
28 Plays Today
Name % Correct
Luke Skywalker
98.4%
Darth Vader/Anakin Skywalker
98.1%
Han Solo
95%
Princess Leia
91%
Obi-Wan Kenobi
90%
Yoda
86.2%
C-3PO
79.9%
Emperor Palpatine
75.9%
Mace Windu
70.5%
Name % Correct
Padme/Queen Amidala
61.6%
Rey
56.9%
Lando Calrissian
54.7%
Finn
53.8%
Qui-Gon Jinn
49.4%
Jar-Jar Binks
48%
Kylo Ren
47.1%
Poe Dameron
41.7%

You're not logged in!

Compare scores with friends on all Sporcle quizzes.
OR
Log In

Sporcle TV

Today on Sporcle TV


Watch our educational content, quiz creation guides, and fun videos on Sporcle TV.

Show Comments

Extras

Top Quizzes Today


Score Distribution

Your Account Isn't Verified!

In order to create a playlist on Sporcle, you need to verify the email address you used during registration. Go to your Sporcle Settings to finish the process.

Report this User

Report this user for behavior that violates our Community Guidelines.

Details: